000 00383 a2200169 4500
001 16946
020 _a9788576710967
040 _cAnchieta - Bela Vista
100 _aSorrenti, Neusa
240 1 0 _aBrejeiros e bagunceiros
_lpor
245 1 0 _aBrejeiros e bagunceiros
300 _a24
362 0 _a2008
440 1 _aFranco
650 4 _aLiteratura infanto-juvenil
942 _cBK
999 _c16946
_d16946